000 00304nam a22001337a 4500
008 170127b xxu||||| |||| 00| 0 eng d
020 _a9780073401959
041 _aeng
080 _23RD
_a61
100 _a3
101 _aSHM
245 _aPALKO'S MEDICAL LABORATORY PROCEDURES
_cCOX, P
942 _2udc
_cBK
999 _c3852
_d3852